| 000 | 00483nam a22001577a 4500 | ||
|---|---|---|---|
| 999 |
_c40903 _d40903 |
||
| 003 | OSt | ||
| 005 | 20200903123011.0 | ||
| 008 | 200903b ||||| |||| 00| 0 eng d | ||
| 020 | _a9788131792117 | ||
| 040 | _coclc | ||
| 082 |
_a530 _bFEY/F |
||
| 100 | _aFeynman, Richard P | ||
| 245 |
_aThe Feynman Lectures On Physics / _cRichard P Feynman ; Leighton ; Sands |
||
| 260 |
_aNew Delhi: _bPearson Education, _c2012. |
||
| 942 |
_cBK _2ddc _h530 _iFEY/F _k530 _mFEY/F |
||